[Event "SVK-ch U08"]
[Site "Liptovsky Mikulas"]
[Date "2018.04.24"]
[Round "5"]
[White "Roman, Jakub"]
[Black "Strapec, Lukas"]
[Result "0-1"]
[WhiteElo "1000"]
[BlackElo "1201"]
[PlyCount "62"]
[EventDate "2018.04.21"]
[EventType "swiss"]
[EventRounds "9"]
[EventCountry "SVK"]
[SourceTitle "CBM 184 Extra"]
[Source "ChessBase"]
[SourceDate "2018.06.28"]
[SourceVersion "1"]
[SourceVersionDate "2018.06.28"]
[SourceQuality "1"]

1. e4 c5 2. d4 cxd4 3. c3 dxc3 4. Nxc3 Nc6 5. Nf3 g6 6. Bc4 d6 7. e5 e6 8. Bg5 Be7 9. Bxe7 Ngxe7 10. exd6 Nf5 11. Nb5 0-0 12. 0-0 a6 13. Nc7 Rb8 14. Ng5 Qxg5 15. d7 Nh4 16. g3 Rd8 17. Bxe6 Qe5 18. Re1 Qxc7 19. Bxf7+ Kxf7 20. Qd5+ Kg7 21. gxh4 Qxd7 22. Qg2 Qg4 23. Kh1 Qxg2+ 24. Kxg2 Bf5 25. Rg1 Rd2 26. h5 gxh5 27. Kf1+ Kf7 28. Ke1 Rxb2 29. h4 Re8+ 30. Kd1 Ree2 31. Rc1 Rbd2# 0-1